00535nam a2200169Ia 4500008004100000100001800041245005900059245001800118260005900136260000900195300001000204650001800214650001500232856002600247999001900273952007300292170221s9999 xx 000 0 und d aPaolo Granata aCreating Worlds: Notes on an Ecology of Communication  cPaolo Granata bOnline Journal of Communication and Media Technologies c2013 a3 : 3 xCommunication xMedia Arts uhttp://www.ojcmt.net/ c307231d307231 001040aCLbCLd2017-02-21l0r2017-02-21 00:00:00w2017-02-21yFOJ